Understanding Religious Conversiion (Record no. 6254)

MARC details
000 -LEADER
fixed length control field 00615nam a2200241 a 4500
020 ## - INTERNATIONAL STANDARD BOOK NUMBER
ISBN 0300839
082 00 - DEWEY DECIMAL CLASSIFICATION NUMBER
Classification number 291.42
Author Cutter RAM
100 ## - MAIN ENTRY--AUTHOR NAME
Author name Rambo, Lewis R
245 ## - TITLE STATEMENT
Title Understanding Religious Conversiion
260 ## - PUBLICATION, DISTRIBUTION, ETC. (IMPRINT)
Place of publication New Haven
Name of publisher Yale University Press
Year of publication 1993
300 ## - PHYSICAL DESCRIPTION
Number of Pages 240p
500 ## - GENERAL NOTE
General note includes index and biblioraphy
505 2# - FORMATTED CONTENTS NOTE
Formatted contents note index
650 ## - SUBJECT ADDED ENTRY--TOPICAL TERM
Topical Term Conversion-Religiou Experience
942 ## - ADDED ENTRY ELEMENTS (KOHA)
Koha item type Books
700 1# -
-- Rambo, Lewis R
Holdings
Collection code Home library Current library Date acquired Cost, normal purchase price Full call number Accession Number Koha item type
  Henry Martyn Institute Library Henry Martyn Institute Library 01/06/2012 100.00 291.42 RAM 014928 Books
                   Copyright © 2026 | Henry Martyn Institute | Hyderabad | TS-500052 | INDIA | Implemented by hmi.edu.in
Hit-Count:

Powered by Koha